000
00247nam a2200109Ia 4500
008
190216s9999||||xx |||||||||||||| ||und||
100
_a
Kammisseri
245
0
_a
Kure Sambava Kathakal
260
_b
Current Books
650
_a
Kathakal
942
_c
BK
999
_c
24448
_d
24448